000 00444nam a2200181Ia 4500
005 20250603145944.0
008 250603s9999 xx 000 0 und d
020 _a978-1-59784-251-8
050 _aBP 163 .K36513/
100 _aKaplan, Aslı
245 4 _aThe young person’s guide to understanding Islam
260 _aNew Jersey
260 _bTughra Books
260 _c2011
300 _a189 p
650 _aNew Jersey
942 _cBK
999 _c43348
_d43348